000 00357nam a2200133Ia 4500
008 231129s1985||||xx |||||||||||||| ||spa||
020 _a84-8280-389-1
082 _aGOR- 125
100 _aSvevo Italo
245 0 _aLa conciencia de Zeno
260 _c1985
264 _aColombia: Oveja Negra 1985
942 _2ddc
_cBKS
999 _c16705
_d16705